[Event "BCF-ch Atkins op"]
[Site "Coventry"]
[Date "2015.08.02"]
[Round "5"]
[White "Jamieson, Alexander"]
[Black "Reid, Patrick D"]
[Result "1-0"]
[WhiteElo "1697"]
[BlackElo "1855"]
[PlyCount "83"]
[EventDate "2015.07.31"]
[EventType "swiss"]
[EventRounds "5"]
[EventCountry "ENG"]
[SourceTitle "CBM 167 Extra"]
[Source "ChessBase"]
[SourceDate "2015.09.14"]
[SourceVersion "1"]
[SourceVersionDate "2015.09.14"]
[SourceQuality "1"]

1. c4 e5 2. Nc3 Nc6 3. Nf3 Nf6 4. d3 d5 5. cxd5 Nxd5 6. g3 Be7 7. Bg2 Be6 8. Nxd5 Bxd5 9. a3 Qd7 10. b4 a6 11. Bb2 0-0-0 12. Qc2 h5 13. h4 Kb8 14. Rb1 f6 15. Bc3 g5 16. a4 g4 17. b5 axb5 18. axb5 Nd4 19. Nxd4 Bxg2 20. Qa4 exd4 21. Ra1 b6 22. f3 Qd5 23. Rg1 gxf3 24. Bxd4 fxe2 25. Bxb6 cxb6 26. Qa7+ Kc8 27. Rc1+ Bc5 28. Qxb6 Qb7 29. Qxc5+ Kd7 30. Qf5+ Ke7 31. Rxg2 Rc8 32. Rxe2+ Kf7 33. Rxc8 Qxc8 34. Qxc8 Rxc8 35. Rb2 Ke7 36. Ke2 Rb8 37. Ke3 Rg8 38. Kf4 Kd6 39. b6 Ke6 40. b7 Rb8 41. Rb6+ Ke7 42. Kf5 1-0

[Event "BCF-ch Atkins op"]
[Site "Coventry"]
[Date "2015.08.01"]
[Round "2"]
[White "Mihalik, Agoston"]
[Black "Reid, Patrick D"]
[Result "1-0"]
[WhiteElo "2180"]
[BlackElo "1855"]
[PlyCount "65"]
[EventDate "2015.07.31"]
[EventType "swiss"]
[EventRounds "5"]
[EventCountry "ENG"]
[SourceTitle "CBM 167 Extra"]
[Source "ChessBase"]
[SourceDate "2015.09.14"]
[SourceVersion "1"]
[SourceVersionDate "2015.09.14"]
[SourceQuality "1"]

1. e4 e6 2. d4 d5 3. Nd2 Nf6 4. e5 Nfd7 5. f4 c5 6. c3 Nc6 7. Ndf3 Qb6 8. g3 cxd4 9. cxd4 Bb4+ 10. Kf2 f6 11. Kg2 0-0 12. Bd3 Be7 13. h4 f5 14. Ne2 h5 15. Ng5 Ndb8 16. Bb1 a5 17. a3 Na6 18. b3 Bd7 19. Bb2 g6 20. g4 hxg4 21. h5 gxh5 22. Rxh5 Bxg5 23. fxg5 Kg7 24. Nf4 Rh8 25. Rh6 Rxh6 26. gxh6+ Kxh6 27. Bc2 Rh8 28. Nh5 Ne7 29. Bc1+ Kxh5 30. Qh1+ Kg6 31. Qxh8 Kf7 32. Bh6 Qxd4 33. Qf6+ 1-0

[Event "Birmingham 4NCL op-B 3rd"]
[Site "Birmingham"]
[Date "2015.07.18"]
[Round "3"]
[White "Reid, Patrick D"]
[Black "Davies, Matthew"]
[Result "1/2-1/2"]
[WhiteElo "1855"]
[BlackElo "1961"]
[PlyCount "100"]
[EventDate "2015.07.17"]
[EventType "swiss"]
[EventRounds "5"]
[EventCountry "ENG"]
[SourceTitle "CBM 167 Extra"]
[Source "ChessBase"]
[SourceDate "2015.09.14"]
[SourceVersion "1"]
[SourceVersionDate "2015.09.14"]
[SourceQuality "1"]

1. d4 Nf6 2. c4 e6 3. Nc3 Bb4 4. Nf3 d5 5. Qa4+ Nc6 6. Bg5 0-0 7. e3 Bd7 8. Qc2 Be7 9. a3 dxc4 10. Bxc4 h6 11. Bh4 Nd5 12. Bg3 Nxc3 13. Qxc3 Bd6 14. 0-0 Qe7 15. e4 Bxg3 16. fxg3 Rae8 17. Rad1 a6 18. b4 Na7 19. Rf2 Rd8 20. Ba2 Bc6 21. Qd3 Nb5 22. Bb1 g6 23. h4 Nd6 24. Qe3 Kg7 25. g4 Bb5 26. g5 h5 27. g4 hxg4 28. Nh2 Nc4 29. Qg3 e5 30. d5 Bd7 31. Rc1 b5 32. Rc3 Bc8 33. Nxg4 Bxg4 34. Qxg4 Qd7 35. Qf3 Qe7 36. Bd3 Rh8 37. Bxc4 bxc4 38. Rh2 a5 39. Rxc4 Rb8 40. Qf6+ Qxf6 41. gxf6+ Kxf6 42. Rxc7 Kg7 43. bxa5 Rb1+ 44. Kg2 Rb3 45. Rh3 Rb2+ 46. Kf1 Ra2 47. d6 Rb8 48. Rc1 Rd2 49. h5 Rbb2 50. hxg6 fxg6 1/2-1/2

[Event "Birmingham 4NCL op-B 1st"]
[Site "Birmingham"]
[Date "2015.01.31"]
[Round "3"]
[White "Reid, Patrick D"]
[Black "Collins, Andrew"]
[Result "1/2-1/2"]
[WhiteElo "1862"]
[BlackElo "1746"]
[PlyCount "160"]
[EventDate "2015.01.30"]
[EventType "swiss"]
[EventRounds "5"]
[EventCountry "ENG"]
[SourceTitle "EXT 2023"]
[Source "ChessBase"]
[SourceDate "2022.10.05"]
[SourceVersion "1"]
[SourceVersionDate "2022.10.05"]
[SourceQuality "1"]

1. d4 Nf6 2. Nf3 e6 3. c4 Bb4+ 4. Nc3 d5 5. e3 0-0 6. a3 Bxc3+ 7. bxc3 c5 8. Bd3 Nc6 9. 0-0 Qc7 10. cxd5 exd5 11. Bb2 c4 12. Bc2 Bg4 13. h3 Bh5 14. g4 Bg6 15. Bxg6 fxg6 16. Nd2 Rae8 17. Qe2 Re6 18. a4 Rfe8 19. Kg2 g5 20. Ba3 Ne7 21. Bxe7 R8xe7 22. Nf3 Ne4 23. Qc2 Rf6 24. Ne5 Rxe5 25. dxe5 Qxe5 26. f4 gxf4 27. exf4 Rxf4 28. Qe2 Rxf1 29. Rxf1 Qg3+ 30. Kh1 Qxh3+ 31. Kg1 Qg3+ 32. Kh1 Qxc3 33. Rf3 Qc1+ 34. Kg2 c3 35. Qb5 Qd2+ 36. Kf1 h6 37. Qe8+ Kh7 38. Rf8 Qd1+ 39. Kg2 Qe2+ 40. Kg1 Qxg4+ 41. Kf1 Qh3+ 42. Ke1 Qg3+ 43. Kf1 Nd2+ 44. Ke2 Qg2+ 45. Kd1 Qg4+ 46. Kc1 Qg1+ 47. Kc2 Qg6+ 48. Qxg6+ Kxg6 49. Kxc3 Ne4+ 50. Kd4 h5 51. Kxd5 Nc3+ 52. Ke5 Nxa4 53. Ra8 a6 54. Ra7 Nc5 55. Kd5 b6 56. Kd4 Kf6 57. Ra8 Kf5 58. Rb8 Ne6+ 59. Ke3 b5 60. Rb6 Nc7 61. Rb7 Nd5+ 62. Kf3 g5 63. Ra7 g4+ 64. Kg3 Kg5 65. Rxa6 h4+ 66. Kf2 Kf4 67. Ra5 g3+ 68. Kg1 Nc3 69. Ra8 Ne2+ 70. Kg2 Nd4 71. Rf8+ Nf5 72. Rb8 Ne3+ 73. Kg1 Kf3 74. Rxb5 h3 75. Rh5 Kg4 76. Rh8 g2 77. Kh2 Nf1+ 78. Kg1 Ng3 79. Rg8+ Kf4 80. Rxg3 Kxg3 1/2-1/2